000 00279nam a22001337a 4500
008 170505b xxu||||| |||| 00| 0 eng d
020 _a0275965996
041 _aeng
080 _a34
100 _a14
101 _aSHJ
245 _aPRESTLY TRIBE
_cPERRY.B.A
942 _2udc
_cBK
999 _c12782
_d12782